В поисках новой идентичности: о цивилизационной идентичности Республики Дагестан (Запись № 10823267)
[ простой вид ]
| 000 -МАРКЕР | |
|---|---|
| контрольное поле | 01606nam0a2200325 4500 |
| 001 - ИДЕНТИФИКАТОР ЗАПИСИ | |
| контрольное поле | RU\NLR\BIBL_A\011889422 |
| 005 - ИДЕНТИФИКАТОР ВЕРСИИ | |
| контрольное поле | 20181225131219.0 |
| 010 ## - МЕЖДУНАРОДНЫЙ СТАНДАРТНЫЙ НОМЕР КНИГИ (ISBN) | |
| Номер (ISBN) | 978-5-89781-620-0 |
| Тираж | 500 |
| 021 ## - НОМЕР ГОСУДАРСТВЕННОЙ РЕГИСТРАЦИИ | |
| Код страны | Российская Федерация |
| Номер | КН-П-18-085601 |
| Номер Листа государственной регистраци | КН-П-18-6200 |
| 035 ## - ДРУГИЕ СИСТЕМНЫЕ НОМЕРА | |
| Идентификатор записи | (NLR Aleph) 011889422 |
| 035 ## - ДРУГИЕ СИСТЕМНЫЕ НОМЕРА | |
| Идентификатор записи | (RuMoRGB)009803271 |
| 100 ## - ДАННЫЕ ОБЩЕЙ ОБРАБОТКИ | |
| Данные общей обработки | 20181212d2018 k y0rusy50 ca |
| 101 0# - ЯЗЫК РЕСУРСА | |
| Язык текста, звукозаписи и т.д. | русский |
| 102 ## - СТРАНА ПУБЛИКАЦИИ ИЛИ ПРОИЗВОДСТВА | |
| Страна публикации | Российская Федерация |
| 105 ## - ПОЛЕ КОДИРОВАННЫХ ДАННЫХ: ТЕКСТОВЫЕ МАТЕРИАЛЫ, МОНОГРАФИЧЕСКИЕ | |
| Кодированные данные о монографическом текстовом документе | y|||z|||000zy |
| 200 1# - ЗАГЛАВИЕ И СВЕДЕНИЯ ОБ ОТВЕТСТВЕННОСТИ | |
| Основное заглавие | В поисках новой идентичности: о цивилизационной идентичности Республики Дагестан |
| Сведения, относящиеся к заглавию | монография |
| Первые сведения об ответственности | Ш. А. Алибегилов, В. А. Волков |
| 210 ## - ПУБЛИКАЦИЯ, РАСПРОСТРАНЕНИЕ И ДР. | |
| Место издания, распространения и т.д. | Санкт-Петербург |
| Имя издателя, распространителя и т. д. | ИПЦ СЗИУ РАНХиГС |
| Дата издания, распространения и т.д. | 2018 |
| 215 ## - ФИЗИЧЕСКАЯ ХАРАКТЕРИСТИКА | |
| Специфическое обозначение материала и объем | 124, [1] с. |
| Размеры | 21 |
| 300 ## - ОБЩИЕ ПРИМЕЧАНИЯ | |
| Текст примечания | На обороте тит.л. авт.: Алибегилов Ш.А. - к.полит.н., преп., Волков В.А. - д.полит.н., проф. |
| 320 ## - ПРИМЕЧАНИЯ О НАЛИЧИИ В ДОКУМЕНТЕ БИБЛИОГРАФИИ / УКАЗАТЕЛЯ | |
| Текст примечания | Библиогр. в конце кн. (218 назв.) и в подстроч. примеч. |
| 606 1# - НАИМЕНОВАНИЕ ТЕМЫ КАК ПРЕДМЕТ | |
| Наименование темы | Идентичность политическая |
| Географический подзаголовок | Дагестан, Республика |
| Системный номер авторитетной/нормативной записи | 2392044 |
| Идентификатор авторитетной/нормативной записи | RU\NLR\AUTH\6601646794 |
| 686 1# - ИНДЕКСЫ ДРУГИХ КЛАССИФИКАЦИЙ | |
| Индекс | Ф3(2Р-6Д)1 |
| 700 #1 - ИМЯ ЛИЦА - ПЕРВИЧНАЯ ОТВЕТСТВЕННОСТЬ | |
| Начальный элемент ввода | Алибегилов |
| Часть имени, кроме начального элемента ввода | Ш. А. |
| Расширение инициалов личного имени | Шамиль Абдулаевич |
| 701 #1 - ИМЯ ЛИЦА - АЛЬТЕРНАТИВНАЯ ОТВЕТСТВЕННОСТЬ | |
| Графика поля | Кириллица |
| Материалы, к которым относится поле | rus |
| Начальный элемент ввода | Волков |
| Часть имени, кроме начального элемента ввода | В. А. |
| Дополнения к именам, кроме дат | д-р полит. наук |
| Даты | 1959- |
| Расширение инициалов личного имени | Виталий Александрович |
| Системный номер авторитетной/нормативной записи | 51342 |
| Идентификатор авторитетной/нормативной записи | RU\NLR\AUTH\7768414 |
| 942 ## - ДОПОЛНИТЕЛЬНЫЕ ЭЛЕМЕНТЫ ЗАПИСИ (АБИС) | |
| Тип экземпляра АБИС | Книга |
| 980 ## - КОЛЛЕКЦИЯ | |
| Название коллекции | НБР |
| 980 ## - КОЛЛЕКЦИЯ | |
| Название коллекции | Национальная библиография |
Нет доступных экземпляров.